| 000 | 00585cam a2200217 i 4500 | ||
|---|---|---|---|
| 001 | 4190060 | ||
| 005 | 20180129033846.0 | ||
| 008 | 800724s1981 nyua b 001 0 eng | ||
| 010 | _a 80020063 | ||
| 020 | _a0471081159 | ||
| 040 |
_aDLC _cDLC _dDLC |
||
| 041 | _aeng | ||
| 080 | _a658.404 KIN | ||
| 082 | 0 | 0 |
_a658.404 KIN _219 |
| 100 | 1 | _a53 | |
| 101 | _aMEN | ||
| 245 | 1 | 0 |
_aProblem solving in a project environment : _cL. Thomas King. |
| 504 | _aBibliography: p. 165-167. | ||
| 906 |
_a7 _bcbc _corignew _d1 _eocip _f19 _gy-gencatlg |
||
| 942 |
_2ddc _cBK |
||
| 999 |
_c41115 _d41115 |
||